Top 50 Baby Girl Names of 2025 - Statistics

General Stats
  • This quiz has been taken 52 times
  • The average score is 34 of 50
Answer Stats
Letter Name % Correct
E Emma
97%
O Olivia
97%
C Charlotte
95%
E Emily
92%
L Lily
90%
Z Zoe
90%
E Ella
87%
H Harper
87%
I Isabella
87%
S Sofia
87%
S Sophia
87%
A Ava
85%
E Evelyn
85%
M Mia
85%
A Amelia
82%
E Elizabeth
82%
G Grace
82%
E Ellie
79%
V Violet
77%
A Abigail
74%
C Chloe
74%
L Lucy
74%
N Nora
74%
P Penelope
74%
I Ivy
72%
L Luna
72%
W Willow
72%
I Isla
67%
H Hazel
64%
A Avery
62%
S Scarlett
62%
E Eliana
59%
G Gianna
59%
M Madison
59%
A Aurora
56%
E Eleanor
56%
C Camila
54%
L Layla
54%
M Mila
54%
A Aria
51%
N Nova
49%
R Riley
44%
E Elena
38%
N Naomi
38%
V Valentina
36%
E Emilia
33%
E Eloise
31%
S Sadie
31%
A Ailany
28%
L Lainey
28%
No matching quizzes found
Score Distribution
Percent of People with Each Score
Percentile by Number Answered
Your Score History
You have not taken this quiz